| 000 | 00414nam a22001697a 4500 | ||
|---|---|---|---|
| 999 |
_c523899 _d523899 |
||
| 003 | NUST | ||
| 038 | _awaseem | ||
| 082 |
_a891.43 _bHOD |
||
| 100 |
_aHodh, Hari _914718 |
||
| 245 |
_aBaghaat Kabir / _cHari Hodh |
||
| 260 |
_aLahore : _bFiction House, _c2011. |
||
| 300 | _a388 p. ; | ||
| 500 | _aHardcover. | ||
| 880 |
_6100-02\r _aہری اودھ |
||
| 880 |
_6245-02\r _aبھگت کبیر / |
||
| 942 |
_2ddc _cBK |
||